Planeación estratégica aplicada a los recursos humanos

Zapisane w:
Opis bibliograficzny
Główni autorzy: Alpander, Guvenc G (Autor), Botter, Constant H (Autor)
Format: Książka
Język:hiszpański
Wydane: Bogotá Norma 1985
Hasła przedmiotowe:
Etykiety: Dodaj etykietę
Nie ma etykietki, Dołącz pierwszą etykiete!

MARC

LEADER 00000nam a2200000 a 4500
001 UCV6892
003 CL-VaPUC
008 930323e19850000CK |||||||||||||||||spa|d
082 0 4 |a 658.301  |b ALP  |2 21 
100 0 |a Alpander, Guvenc G  |e author  |9 300899 
700 0 |a Botter, Constant H  |e author  |9 300900 
245 1 0 |a Planeación estratégica aplicada a los recursos humanos 
300 |a 345 p 
942 |c BK 
945 |d 19930323 00:00:00 
260 |a Bogotá  |b Norma  |c 1985 
650 0 |a Recursos humanos   |9 228420 
650 0 |a Planificación estratégica   |9 259735 
650 0 |a Administración del personal  |9 260442 
583 |a last modification  |c 19930323 00:00:00  |k Rodrigo Vera 
999 |c 212714  |d 212712 
952 |0 0  |1 0  |4 0  |6 658_301000000000000_ALP_1985  |7 0  |8 A  |9 194173  |a BIBING  |b BIBING  |d 2019-11-14  |i 2623315  |o 658.301 ALP 1985  |p 2623315  |r 2025-01-20  |w 2019-11-14  |y BK  |k EII